| 000 | 00671nam a2200181 a 4500 | ||
|---|---|---|---|
| 001 | 000002985 | ||
| 005 | 20200929150311.0 | ||
| 008 | 090706s1992 dr a 001 0 spa d | ||
| 040 |
_aDO-SdBNP _bspa _cBNPHU |
||
| 082 |
_axxxx _bC459d |
||
| 100 | 1 |
_aChantada, Amparo _99463 |
|
| 245 | 1 | 0 |
_aDeuda externa, políticas de canje y el movimiento ambiental dominicano : _bun desafio de frente al 2000 / _cAmparo Chantada. |
| 260 |
_aSanto Domingo : _bCentro de Planificación y Acción Ecuménica (CEPAE), _c1992. |
||
| 300 |
_a80 p. : _bil. ; _c22 cm. |
||
| 500 | _aIncluye índice | ||
| 504 | _aIncluye referencias bibliográficas y notas al pie de las páginas | ||
| 049 | _aBNPD | ||
| 999 |
_c2817 _d2817 |
||